British Birds by Letter - M - Statistics

General Stats
  • This quiz has been taken 29 times
  • The average score is 9 of 16
Answer Stats
Picture Hint Answer % Correct
Anas platyrhynchos Mallard
100%
Pica pica Magpie
83%
Aix galericulata Mandarin Duck
83%
Gallinula chloropus Moorhen
72%
Cygnus olor Mute Swan
72%
Falco columbarius Merlin
67%
Delichon urbicum (House) Martin
61%
Circus aeruginosus Marsh Harrier
61%
Puffinus puffinus Manx Shearwater
56%
Mergus serrator (Red-Breasted) Merganser
56%
Ichthyaetus melanocephalus Mediterranean Gull
50%
Circus pygargus Montagu's Harrier
50%
Zenaida macroura Mourning Dove
39%
Synthliboramphus antiquus (Ancient) Murrelet
33%
Lanius nubicus Masked Shrike
33%
Setophaga magnolia Magnolia Warbler
28%
No matching quizzes found
Score Distribution
Percent of People with Each Score
Percentile by Number Answered
Your Score History
You have not taken this quiz